LIBRARY & INFORMATION CENTRE, KCAET, TAVANUR

ONLINE PUBLIC ACCESS CATALOGUE (OPAC)

Health observation of school children / (Record no. 8557)

MARC details
000 -LEADER
fixed length control field 00503cam a2200193ua 4500
041 ## - LANGUAGE CODE
Language code of text/sound track or separate title eng
082 ## - DEWEY DECIMAL CLASSIFICATION NUMBER
Classification number 371.71
Item number WHE/HE
100 ## - MAIN ENTRY--AUTHOR NAME
Personal name Wheatley, George M .
245 ## - TITLE STATEMENT
Title Health observation of school children /
250 ## - EDITION STATEMENT
Edition statement 1 /
260 ## - PUBLICATION, DISTRIBUTION, ETC. (IMPRINT)
Place of publication New York :
Name of publisher McGraw Hill Book Company ,
Year of publication 1956.
300 ## - PHYSICAL DESCRIPTION
Number of Pages 488 ; .
700 1# - ADDED ENTRY--PERSONAL NAME
Personal name Hallock , Grace T .
942 ## - ADDED ENTRY ELEMENTS (KOHA)
Koha item type Books
Holdings
Withdrawn status Lost status Damaged status Home library Current library Date acquired Full call number Accession Number Koha item type
Withdrawn     KAUAET Sanskrit University 07/04/2012 371.71 3363 Books
free website counter